000
00301nam a22001217a 4500
008
260424b |||||||| |||| 00| 0 eng d
082
_a
001072
100
_a
Narayanachar, K S
245
_a
Krishna mathu Mahabharatha Yudha
260
_a
Hubli
_b
Sahitya Prakashana
_c
2015
300
_a
228p
942
_2
ddc
999
_c
1310
_d
1310